000 00268nam a2200109Ia 4500
008 220214s9999 xx 000 0 und d
100 _amenon Radha
245 0 _aCeriospora Arecae Menon sp. novo. Part 1.
260 _bArecanut Journal
300 _a8-Jan
942 _cRE
999 _c46200
_d46200